Política humanitzada de l'ancianitat : 1er. symposium Barcelona 1976, 2/7 octubre, Hogares Mundet : conclusions 1er. symposium Barcelona 1976, 2/7 octubre, Hogares Mundet :
Descripción Física:
Carpeta amb 7 plecs de paper ; 30 cm
Materias:
Persones grans -- Congressos
MARC
| LEADER | 00000nam a2200000Ia 4500 | ||
|---|---|---|---|
| 001 | 8817 | ||
| 008 | 160829s1976?] xx 000 0 cat d | ||
| 080 | |a FU-24-6 | ||
| 100 | |a Simpòsium de la Tercera Edat (1r : 1976 : Barcelona) |9 45260 | ||
| 245 | |a Política humanitzada de l'ancianitat : |b 1er. symposium Barcelona 1976, 2/7 octubre, Hogares Mundet : |b conclusions | ||
| 260 | |a Barcelona : |b [s.n., |c 1976?] | ||
| 300 | |a Carpeta amb 7 plecs de paper ; |c 30 cm | ||
| 650 | 0 | |a Persones grans |v Congressos |9 25725 | |
| 901 | |a Arxiu | ||
| 942 | |n 1 | ||
| 952 | |0 0 |1 0 |4 0 |6 FU246 |7 1 |9 43762 |a Arxiu |b Arxiu |d 2016-12-01 |l 0 |o FU-24-6 |p 8817 |r 2016-12-01 00:00:00 |w 2016-12-01 |y ARXIU | ||
| 999 | |c 46310 |d 46310 | ||